000 00670nam a2200217Ia 4500
003 OSt
005 20250429113836.0
008 210210b2004 xxu||||| |||| 00| 0 eng d
040 _cAL
041 _akan
082 _aK894.9 BHUK
100 _aBHUMIGAUDA.:
_9209062
110 _aಭೂಮಿಗೌಡ
_9209063
245 _aKannada kadambarigalalli dalita jagattu:
_bಕನ್ನಡ ಕಾದಂಬರಿಗಳಲ್ಲಿ ದಲಿತ ಜಗತ್ತು
260 _aMaisuru
_bChetana buk haus
_c2004
300 _a440,xviii
650 _aKannada Kadambarigalu dalitaru
_9209064
690 _aKannada Criticism
_9209065
906 _a058804
942 _2ddc
_cBK
999 _c106005
_d106005